Kafu the Scribbler : the life and writings of Nagai Kafu, 1879-1959 /

Մատենագիտական մանրամասներ
Հիմնական հեղինակ: Seidensticker, Edward, 1921-2007
Այլ հեղինակներ: Nagai, Kafū, 1879-1959
Ձևաչափ: Գիրք
Լեզու:English
Հրապարակվել է: Ann Arbor, Mich. : Center for Japanese Studies, University of Michigan, 1990 [reprinted].
Շարք:Michigan classics in Japanese studies ; no. 3
Խորագրեր:
Classic Catalogue: View this record in Classic Catalogue
LEADER 02092nam a2200385 a 4500
001 45754
003 BD-DhAAL
005 20260511175102.0
008 260511r19901965miuaf b s001 0 eng
010 |a  90001385  
020 |a 0939512467 
020 |a 9780939512461 
035 |a 1051219 
040 |a DLC  |c DLC  |d DLC  |d BD-DhAAL 
050 0 0 |a PL812.A4  |b Z88 1990 
082 0 0 |a 895.6342  |2 20 
100 1 |a Seidensticker, Edward,  |d 1921-2007.  |9 60639 
245 1 0 |a Kafu the Scribbler :  |b the life and writings of Nagai Kafu, 1879-1959 /  |c Edward Seidensticker. 
246 3 |a Kafū the Scribbler :  |b the life and writings of Nagai Kafū, 1879-1959 
260 |a Ann Arbor, Mich. :  |b Center for Japanese Studies, University of Michigan,  |c 1990 [reprinted]. 
300 |a vi, 360 pages, [8] p. of plates :  |b illustrations ;  |c 23 cm 
490 1 |a Michigan classics in Japanese studies ;  |v no. 3 
500 |a Reprint. Originally published: Stanford, Calif. : Stanford University Press, 1965. 
504 |a Includes bibliographical references (p. [350]-352) and index. 
526 8 |a AAL 
541 1 |a Donated by Embassy of Japan in Bangladesh, Read Japan Project 2025, The Tokyo Foundation, supported by The Nippon Foundation.  |e 45754 
600 1 0 |a Nagai, Kafū,  |d 1879-1959  |x Criticism and interpretation.  |9 60640 
651 0 |a Japan  |x Literary collections.  |9 60641 
651 0 |a Japan  |x In literature.  |9 60642 
700 1 2 |a Nagai, Kafū,  |d 1879-1959.  |t Works.  |k Selections.  |l English.  |f 1990.  |9 60643 
830 0 |a Michigan classics in Japanese studies ;  |v no. 3  |9 60644 
852 1 |a Ayesha Abed Library  |c General Stacks 
942 |2 ddc  |c BK 
999 |c 47923  |d 47923 
952 |0 0  |1 0  |2 ddc  |4 0  |6 895_634200000000000_SEI  |7 0  |9 79180  |a BRACUL  |b BRACUL  |d 2026-05-11  |e Donated by Embassy of Japan in Bangladesh, Read Japan Project 2025, The Tokyo Foundation, supported by The Nippon Foundation.  |l 0  |o 895.6342 SEI  |p 3010045754  |r 2026-05-11  |t 1  |w 2026-05-11  |y BK  |x Donated copy received from Embassy of Japan in Bangladesh, Read Japan Project 2025, The Tokyo Foundation, supported by The Nippon Foundation on 08 April 2026; $20.00